000 00589nam a2200229Ia 4500
003 OSt
005 20220918210948.0
006 a|||||r|||| 00| 0
007 ta
008 220917b |||||||| |||| 00| 0 eng d
024 _a122,810
037 _cTextual
040 _aARTS
_cARTS
_beng
041 _2eng
_aeng
082 _aWxM82:1, J4
100 _aMaritain Jacques
_951638
245 0 _aMan and the state ed by Richard O'Sullivan
260 _c1954
650 _aPOLITICAL SCIENCE
942 _hWxM82:1, J4
_cTEXL
_2CC
999 _c245999
_d245999